000 01396cam a22002294a 4500
005 20250605164046.0
008 250528s ||||||||||||||||||||||||d
035 _a17132
020 _a314258736
040 _aGR-AtMCL
_bgre
_dGR-AtMCL
_eAACR2
245 1 _aStatistics for Business and Economics / Third Edition
250 _a3rd
260 _bWest Publishing Company,
_c1987
300 _a784
520 _aPreface, Introduction, Descriptive Statistics I: Tabular and Graphical Approaches, Descriptive Statistics II: Measures of Location and Dispersion, Introduction to Propability, Discrete Probability Distributions, Continuous Probability Distributions, Sampling and Sampling Distributions, Interval Estimation, Hypothesis Testing, Statistical Inference about Means and Proportions with Two Populations, Inferences about Population Variances, Tests of Goodness of Fit and Independence, Experimental Design and Analysis of Variance, Simple Linear Refgression and Correlation, Multiple Regression, Time Series Analysis and Forecasting, Indexes and Index Numbers, Nonparametric Methods, Decision Theory, Appendices, References and Bibliography, Tables, Summation Notation, Answers to Even-Numbered Exercises, Index.
700 1 _aAnderson David R.
_91791
700 1 _aSweeney Dennis J
_91792
700 1 _aWilliams Thomas A
_91793
942 _cBK
999 _c2572
_d2572